Introduction to chemical physics

Bibliographic Details
Main Author: Slater, J. C.
Format: Section = Libro
Language:Undetermined
Spanish
Published: London McGraw-Hill 1939
Subjects:
LEADER 00464nam a2200181Ia 4500
008 240830s9999 xx 000 0 und d
040 |a CEDOC FIQ-RUSB / 539 S631 
041 |a spa 
082 |a 539 S631 
100 1 |a Slater, J. C. 
245 1 0 |a Introduction to chemical physics 
260 |a London  |b McGraw-Hill  |c 1939 
300 |a 521 p.: il. 
650 7 |a FISICOQUIMICA 
650 7 |b  EL ESTADO LÍQUIDO Y LA FUSIÓN 
942 |c BK  |2 ddc 
991 |a TEXTO 
999 |c 13362